| 000 | 00869nam a2200241Ia 4500 | ||
|---|---|---|---|
| 005 | 20260102204017.0 | ||
| 008 | 0000001980 ck a 0000000000spa00 | ||
| 040 | _c--- | ||
| 041 | _aspa | ||
| 082 | _a709.9747 K57r 1980 | ||
| 090 | _aPUS00 K36r | ||
| 245 | 1 | 0 |
_aRobert Kipniss : _bÓleos, litografías / |
| 260 |
_aCali : _bMuseo de Arte Moderno La Tertulia, _c1980. |
||
| 300 |
_a[16] páginas : _c21 cm. |
||
| 518 | _oExposición realizada en el Museo de Arte Moderno La Tertulia, Cali, 1980 | ||
| 600 | 4 |
_aKipniss, Robert, _913414 _d1931- |
|
| 610 | 4 |
_923959 _aMuseo de Arte Moderno La Tertulia |
|
| 650 | 1 | 4 |
_aArte contemporáneo estadounidense _929481 |
| 650 | 1 | 4 |
_aArtistas plásticos estadounidenses _929970 |
| 650 | 1 | 4 |
_aGrabado estadounidense _931225 |
| 650 | 1 | 4 |
_aPintura contemporánea estadounidense _932095 |
| 942 |
_2ddc _cCAT |
||
| 999 |
_c7188 _d7188 |
||